[Event "Cammeray Norths CC op"]
[Site "Cammeray"]
[Date "2010.01.09"]
[Round "7"]
[White "Bodlander, Serge"]
[Black "Baker, John"]
[Result "0-1"]
[WhiteElo "1147"]
[BlackElo "1258"]
[PlyCount "52"]
[EventDate "2010.01.02"]
[EventType "swiss"]
[EventRounds "7"]
[EventCountry "AUS"]
[SourceTitle "EXT 2011"]
[Source "ChessBase"]
[SourceDate "2010.11.26"]
[SourceVersion "1"]
[SourceVersionDate "2010.11.26"]
[SourceQuality "1"]

1. g3 d5 2. Bg2 Nf6 3. Nf3 c6 4. 0-0 g6 5. d3 Qc7 6. Nbd2 e5 7. e4 Bg7 8. c3 0-0 9. Re1 Nbd7 10. exd5 cxd5 11. Nf1 Re8 12. Be3 b6 13. Qd2 Bb7 14. Rac1 Rad8 15. Bg5 Rc8 16. d4 Ne4 17. Qe3 Ndf6 18. Bh3 Nxg5 19. Nxg5 Rcd8 20. dxe5 Ne4 21. Nxe4 dxe4 22. Bg2 Rxe5 23. Nd2 Qe7 24. Bxe4 Bxe4 25. Nxe4 f5 26. f4 Rxe4 0-1